[Event "EU-ch 11th"]
[Site "Rijeka"]
[Date "2010.03.16"]
[Round "10"]
[White "Srdoc, Nenad"]
[Black "Maevsky, Nikolay"]
[Result "0-1"]
[WhiteElo "1949"]
[BlackElo "2275"]
[PlyCount "73"]
[EventDate "2010.03.06"]
[EventType "swiss"]
[EventRounds "11"]
[EventCountry "CRO"]
[SourceTitle "CBM 136"]
[Source "ChessBase"]
[SourceDate "2010.05.18"]
[SourceVersion "1"]
[SourceVersionDate "2010.05.18"]
[SourceQuality "1"]

1. e4 c5 2. Nc3 g6 3. g3 Bg7 4. Bg2 Nc6 5. d3 Rb8 6. Be3 b5 7. Qd2 b4 8. Nd1 d6 9. Ne2 h5 10. h4 Nf6 11. d4 cxd4 12. Nxd4 Ne5 13. b3 Bd7 14. f3 0-0 15. 0-0 Qc7 16. c3 d5 17. Rc1 Rfc8 18. c4 Rd8 19. Nf2 Bc8 20. Nh3 Ba6 21. Nf4 Qd7 22. Bh3 Qb7 23. Nxd5 Nh7 24. f4 Ng4 25. Bxg4 hxg4 26. Nc6 e6 27. Na5 Qd7 28. Nxb4 Bb7 29. Nxb7 Qxb7 30. Nd3 Qxe4 31. Rce1 Qc6 32. Nf2 f5 33. Re2 Ra8 34. Qc2 e5 35. Nd3 Nf6 36. fxe5 Ne4 37. Kh2 0-1

[Event "Marseille op 2nd "]
[Site "Marseille"]
[Date "2009.12.26"]
[Round "1"]
[White "Lucas, Jean Jacques"]
[Black "Srdoc, Nenad"]
[Result "0-1"]
[WhiteElo "1500"]
[BlackElo "1981"]
[PlyCount "92"]
[EventDate "2009.12.26"]
[EventType "swiss"]
[EventRounds "9"]
[EventCountry "FRA"]
[SourceTitle "CBM 134 Extra"]
[Source "ChessBase"]
[SourceDate "2010.03.03"]
[SourceVersion "1"]
[SourceVersionDate "2010.03.03"]
[SourceQuality "1"]

1. e4 c6 2. d4 d5 3. e5 Bf5 4. h3 e6 5. Nf3 Nd7 6. Bf4 Qb6 7. b3 c5 8. c3 Ne7 9. Be2 Nc6 10. 0-0 Rc8 11. Qd2 cxd4 12. Nxd4 Bxb1 13. Raxb1 Ndxe5 14. Bxe5 Nxe5 15. Rfc1 Bd6 16. Bb5+ Nc6 17. Bxc6+ bxc6 18. b4 0-0 19. a3 g6 20. Nf3 Kg7 21. c4 Qb8 22. c5 Be7 23. Re1 Bf6 24. Re2 e5 25. Rbe1 e4 26. Nh2 Qe5 27. Ng4 Qg5 28. Qxg5 Bxg5 29. g3 f5 30. Nh2 Rb8 31. h4 Bf6 32. Kg2 Rb5 33. f3 a5 34. fxe4 fxe4 35. Ng4 Bc3 36. Rb1 axb4 37. axb4 h5 38. Ne3 Rxb4 39. Rc1 Be5 40. Nc2 Rb2 41. Rf2 Rxf2+ 42. Kxf2 d4 43. Kf1 d3 44. Ne3 Bxg3 45. Nc4 Rc2 46. Rxc2 dxc2 0-1

[Event "FRA-chT3 Gr01 0607"]
[Site "France"]
[Date "2006.11.26"]
[Round "3.7"]
[White "De Vathaire, Michel"]
[Black "Srdoc, Nenad"]
[Result "0-1"]
[WhiteElo "1810"]
[BlackElo "1950"]
[PlyCount "55"]
[EventDate "2006.10.15"]
[EventType "team-tourn"]
[EventRounds "9"]
[EventCountry "FRA"]
[SourceTitle "EXT 2008"]
[Source "ChessBase"]
[SourceDate "2007.11.25"]
[SourceVersion "1"]
[SourceVersionDate "2007.11.25"]
[SourceQuality "1"]

1. d4 d5 2. Nf3 Nf6 3. c4 e6 4. Nc3 c6 5. e3 Nbd7 6. Qc2 Bd6 7. e4 dxe4 8. Nxe4 Nxe4 9. Qxe4 Nf6 10. Qc2 c5 11. Be2 0-0 12. Bg5 cxd4 13. 0-0-0 e5 14. Nd2 Be6 15. Ne4 Be7 16. Bxf6 Bxf6 17. Bd3 h6 18. Rhg1 Be7 19. g4 b5 20. c5 a6 21. Kb1 Qd5 22. b4 a5 23. Nc3 Qd7 24. Be4 axb4 25. Bxa8 Rxa8 26. Qe4 Qa7 27. Nxb5 Qxa2+ 28. Kc1 0-1